000 00385nam a2200157Ia 4500
003 RNL
008 090707b ii f a fnsan d
040 _aRCL
100 _aCheema, Baldev Singh
_926117
245 _aPunjabi vak parbandh:
_bBantar Ate Karaj
260 _aPatiala
260 _bPublication Bureau, Punjabi University
260 _c2005
300 _a166p.
942 _cBK
999 _c22721
_d22721